Statistics for Самые Богатые Регионы России

Click here to take the quiz!

General Stats

  • This quiz has been taken 38 times
  • The average score is 8 of 15

Answer Stats

GDP per capitaSubject% Correct
$65,221Москва
100%
$59,292Санкт-Петербург
91%
$56,327Республика Саха
74%
$35,575Красноярский край
63%
$50,398Мурманская область
54%
$112,654Ханты-Мансийский автономный округ
51%
$35,575Камчатский край
49%
$257,920Ямало-Ненецкий автономный округ
46%
$91,903Чукотский АО
46%
$29,646Татарстан
46%
$311,283Ненецкий АО
37%
$32,610Тюменская область
34%
$77,080Магаданская область
31%
$35,575Республика Коми
31%
$85,973Сахалинская область
29%

Score Distribution

Percentile by Number Answered

Percent of People with Each Score

Your Score History

You have not taken this quiz